ជំងឺរលាកក្រពះ ពោះវៀន កូនជ្រូកនិមិត្តហេតុ កំហាតបង់ផ្នែក សេដ្ឋកិច្ច និង វិធានការ ការពាារ (Record no. 1616)

000 -LEADER
fixed length control field 00625nam a22001577a 4500
003 - CONTROL NUMBER IDENTIFIER
control field OSt
005 - DATE AND TIME OF LATEST TRANSACTION
control field 20151002091454.0
008 - FIXED-LENGTH DATA ELEMENTS--GENERAL INFORMATION
fixed length control field 151002b xxu||||| |||| 00| 0 eng d
040 ## - CATALOGING SOURCE
Transcribing agency RUA
082 ## - DEWEY DECIMAL CLASSIFICATION NUMBER
Classification number AVM ទំុ 1989 B065 Or.1
100 ## - MAIN ENTRY--PERSONAL NAME
9 (RLIN) 1712
Personal name ទំុ សេដ្ឋា
245 ## - TITLE STATEMENT
Title ជំងឺរលាកក្រពះ ពោះវៀន កូនជ្រូកនិមិត្តហេតុ កំហាតបង់ផ្នែក សេដ្ឋកិច្ច និង វិធានការ ការពាារ
260 ## - PUBLICATION, DISTRIBUTION, ETC. (IMPRINT)
Place of publication, distribution, etc. Phnom Penh
Name of publisher, distributor, etc. RUA
Date of publication, distribution, etc. 1989
300 ## - PHYSICAL DESCRIPTION
Extent 85p.
Other physical details ill.
Dimensions 29cm.
942 ## - ADDED ENTRY ELEMENTS (KOHA)
Source of classification or shelving scheme
Koha item type AVM

No items available.

មជ្ឈមណ្ឌលឯការនៃសាកលវិទ្យាល័យភូមិន្ទកសិកម្មចំការដូង

Powered by Koha